| 000 | 00425pab a2200157 454500 | ||
|---|---|---|---|
| 008 | 180718b2012 xxu||||| |||| 00| 0 eng d | ||
| 100 | _aWear, Andrew | ||
| 245 | _aCollaborative approach to regional governance lessons from Victoria | ||
| 260 | _c2012 | ||
| 300 | _ap.469-474. | ||
| 362 | _aDec | ||
| 650 | _aRegional development | ||
| 773 | _aAustralian Journal of Public Administration | ||
| 908 | _aN | ||
| 909 | _a98837 | ||
| 999 |
_c98836 _d98836 |
||